Central Library OPAC University of Rajshahi

Corporation finance simplified : (Record no. 75659)

MARC details
000 -LEADER
fixed length control field 00974nam a2200277 a 4500
001 - CONTROL NUMBER
control field 75659
003 - CONTROL NUMBER IDENTIFIER
rucl marc code BD-RjUL
005 - DATE AND TIME OF LATEST TRANSACTION
control field 20211209082726.0
008 - FIXED-LENGTH DATA ELEMENTS--GENERAL INFORMATION
fixed length control field 190512s1949 -us 000 0 eng
035 ## - SYSTEM CONTROL NUMBER
System control number (BD-RjUL)75877
System control number (OCoLC)1518112
040 ## - CATALOGING SOURCE
Original cataloging agency DLC
Transcribing agency FM
Modifying agency DLC
-- BD-RjUL
Language of cataloging eng
041 ## - LANGUAGE CODE
Language code of text/sound track or separate title eng
042 ## - AUTHENTICATION CODE
Authentication code premarc
082 ## - DEWEY DECIMAL CLASSIFICATION NUMBER
Edition number 23
Classification number 658.15
Author mark and year SIC 1949
100 1# - MAIN ENTRY--PERSONAL NAME
Personal name Silverstein, Nathan L.
9 (RLIN) 231631
245 10 - TITLE STATEMENT
Title Corporation finance simplified :
Remainder of title a concise exposition of the corporate form of American business and the securities issued in exchange for investors' money /
Statement of responsibility, etc. Nathan L. Silverstein
260 ## - PUBLICATION, DISTRIBUTION, ETC. (IMPRINT)
Place of publication, distribution, etc. Chicago :
Name of publisher, distributor, etc. American Technical Society,
Date of publication, distribution, etc. 1949, [reprinted 1958]
300 ## - PHYSICAL DESCRIPTION
Pagination ix, 309 p.:
Illustrations illus.;
Size 22 cm.
500 ## - GENERAL NOTE
General note Includes "Supplementary reading."
650 #0 - SUBJECT ADDED ENTRY--TOPICAL TERM
Topical term or geographic name as entry element Corporations
Geographic subdivision United States
General subdivision Finance.
9 (RLIN) 231632
Topical term or geographic name as entry element Securities
Geographic subdivision United States.
9 (RLIN) 231633
942 ## - ADDED ENTRY ELEMENTS (KOHA)
Source of classification or shelving scheme Dewey Decimal Classification
Koha item type Books
Holdings
Lost status Source of classification or shelving scheme Damaged status Not for loan Collection code Permanent Location Current Location Shelving location Date acquired Total Checkouts Full call number Date last seen Copy number Koha item type
  Dewey Decimal Classification   Not For Loan Non-fiction Central Library, University of Rajshahi Central Library, University of Rajshahi Reading Room 12/05/2019   658.15 SIC 1949 12/05/2019 C-1 Books
  Dewey Decimal Classification     Non-fiction Central Library, University of Rajshahi Central Library, University of Rajshahi   12/05/2019   658.15 SIC 1958 12/05/2019 C-2 Books
  Dewey Decimal Classification     Non-fiction Central Library, University of Rajshahi Central Library, University of Rajshahi   12/05/2019   658.15 SIC 1958 12/05/2019 C-3 Books